[Event "Valencia Mauricio Ramirez Gonzalez"]
[Site "Valencia"]
[Date "2019.03.03"]
[Round "6"]
[White "Hernandez Rangel, Kelly Jose"]
[Black "Gomez Gomez, Kristian Eduardo"]
[Result "1-0"]
[WhiteElo "1776"]
[BlackElo "1328"]
[PlyCount "73"]
[EventDate "2019.03.01"]
[EventType "team-tourn"]
[EventRounds "6"]
[EventCountry "VEN"]
[SourceTitle "EXT 2022"]
[Source "ChessBase"]
[SourceDate "2021.10.06"]
[SourceVersion "1"]
[SourceVersionDate "2021.10.06"]
[SourceQuality "1"]
[WhiteTeam "Aragua"]
[BlackTeam "UETD"]
[WhiteTeamCountry "COL"]
[BlackTeamCountry "COL"]

1. e4 c5 2. Nf3 Nc6 3. Bb5 a6 4. Bxc6 bxc6 5. d3 g6 6. Be3 Qa5+ 7. Bd2 Qb6 8. Bc3 Nf6 9. Nbd2 d5 10. 0-0 Bh6 11. e5 Nh5 12. e6 0-0 13. exf7+ Rxf7 14. Ne5 Rf8 15. Ng4 Bg7 16. Bxg7 Kxg7 17. b3 Qc7 18. Qe2 Bxg4 19. Qxg4 Rf4 20. Qe6 Raf8 21. Rae1 R8f7 22. Nf3 R4f6 23. Qe5 e6 24. Ng5 Qxe5 25. Rxe5 Re7 26. Rfe1 Nf4 27. g3 h6 28. gxf4 hxg5 29. fxg5 Rf5 30. Rxe6 Rxg5+ 31. Kf1 Rc7 32. Re7+ Rxe7 33. Rxe7+ Kf8 34. Rc7 c4 35. dxc4 dxc4 36. Rxc6 cxb3 37. axb3 1-0